<?xml version="1.0" encoding="UTF-8"?>
<record
    xmlns:xsi="http://www.w3.org/2001/XMLSchema-instance"
    xsi:schemaLocation="http://www.loc.gov/MARC21/slim http://www.loc.gov/standards/marcxml/schema/MARC21slim.xsd"
    xmlns="http://www.loc.gov/MARC21/slim">

  <leader>01106nam0a2200301   4500</leader>
  <controlfield tag="001">RU\NLR\BIBL_A\012734217</controlfield>
  <controlfield tag="005">20250624134457.0</controlfield>
  <datafield tag="010" ind1=" " ind2=" ">
    <subfield code="9">5000</subfield>
  </datafield>
  <datafield tag="035" ind1=" " ind2=" ">
    <subfield code="a">(NLR Aleph) 012734217</subfield>
  </datafield>
  <datafield tag="090" ind1=" " ind2=" ">
    <subfield code="a">13307853</subfield>
    <subfield code="c">13307853</subfield>
  </datafield>
  <datafield tag="100" ind1=" " ind2=" ">
    <subfield code="a">20220318d1950    |||y0rusy50      ca</subfield>
  </datafield>
  <datafield tag="101" ind1="0" ind2=" ">
    <subfield code="a">aze</subfield>
  </datafield>
  <datafield tag="102" ind1=" " ind2=" ">
    <subfield code="a">AZ</subfield>
  </datafield>
  <datafield tag="105" ind1=" " ind2=" ">
    <subfield code="a">a   z   000 y</subfield>
  </datafield>
  <datafield tag="181" ind1=" " ind2="0">
    <subfield code="a">i </subfield>
    <subfield code="b">axxe  </subfield>
  </datafield>
  <datafield tag="182" ind1=" " ind2="0">
    <subfield code="a">n</subfield>
  </datafield>
  <datafield tag="200" ind1="1" ind2=" ">
    <subfield code="a">&#x410;&#x437;&#x4D9;&#x440;&#x431;&#x430;j&#x4B9;&#x430;&#x43D; &#x421;&#x421;&#x420;-&#x434;&#x4D9; &#x442;&#x4AF;&#x442;&#x4AF;&#x43D;&#x447;&#x4AF;&#x43B;&#x4AF;&#x43A; &#x433;&#x430;&#x431;&#x430;&#x433;&#x4B9;&#x44B;&#x43B;&#x43B;&#x430;&#x440;&#x44B;&#x43D;&#x44B;&#x43D; &#x438;&#x448; &#x442;&#x4D9;&#x4B9;&#x440;&#x4AF;&#x431;&#x4D9;&#x43B;&#x4D9;&#x440;&#x438;</subfield>
    <subfield code="f">&#x421;. &#x421;. &#x41C;&#x435;&#x43B;&#x43A;&#x443;&#x43C;&#x43E;&#x432;, &#x418;. &#x42D;. &#x410;&#x43C;&#x438;&#x442;&#x43E;&#x432;</subfield>
  </datafield>
  <datafield tag="203" ind1=" " ind2=" ">
    <subfield code="a">&#x422;&#x435;&#x43A;&#x441;&#x442;</subfield>
    <subfield code="b">&#x432;&#x438;&#x437;&#x443;&#x430;&#x43B;&#x44C;&#x43D;&#x44B;&#x439;</subfield>
    <subfield code="c">&#x43D;&#x435;&#x43F;&#x43E;&#x441;&#x440;&#x435;&#x434;&#x441;&#x442;&#x432;&#x435;&#x43D;&#x43D;&#x44B;&#x439;</subfield>
  </datafield>
  <datafield tag="210" ind1=" " ind2=" ">
    <subfield code="a">&#x411;&#x430;&#x43A;&#x44B;</subfield>
    <subfield code="c">&#x410;&#x437;&#x4D9;&#x440;&#x43D;&#x4D9;&#x448;&#x440;</subfield>
    <subfield code="d">1950</subfield>
  </datafield>
  <datafield tag="215" ind1=" " ind2=" ">
    <subfield code="a">40, [2] &#x441;.</subfield>
    <subfield code="c">&#x448;&#x4D9;&#x43A;.</subfield>
    <subfield code="d">20</subfield>
  </datafield>
  <datafield tag="225" ind1="1" ind2=" ">
    <subfield code="a">&#x41A;&#x4D9;&#x43D;&#x434; &#x442;&#x4D9;&#x441;&#x4D9;&#x440;&#x440;&#x4AF;&#x444;&#x430;&#x442;&#x44B; &#x433;&#x430;&#x431;&#x430;&#x433;&#x4B9;&#x44B;&#x43B;&#x43B;&#x430;&#x440;&#x44B;</subfield>
  </datafield>
  <datafield tag="541" ind1="1" ind2=" ">
    <subfield code="a">&#x41E;&#x43F;&#x44B;&#x442; &#x440;&#x430;&#x431;&#x43E;&#x442;&#x44B; &#x43F;&#x435;&#x440;&#x435;&#x434;&#x43E;&#x432;&#x438;&#x43A;&#x43E;&#x432; &#x442;&#x430;&#x431;&#x430;&#x43A;&#x43E;&#x432;&#x43E;&#x434;&#x441;&#x442;&#x432;&#x430; &#x410;&#x437;&#x435;&#x440;&#x431;&#x430;&#x439;&#x434;&#x436;&#x430;&#x43D;&#x441;&#x43A;&#x43E;&#x439; &#x421;&#x421;&#x420;</subfield>
    <subfield code="z">rus</subfield>
  </datafield>
  <datafield tag="700" ind1=" " ind2="1">
    <subfield code="a">&#x41C;&#x435;&#x43B;&#x43A;&#x443;&#x43C;&#x43E;&#x432;</subfield>
    <subfield code="b">&#x421;. &#x421;.</subfield>
    <subfield code="4">070</subfield>
  </datafield>
  <datafield tag="701" ind1=" " ind2="1">
    <subfield code="a">&#x410;&#x43C;&#x438;&#x442;&#x43E;&#x432;</subfield>
    <subfield code="b">&#x418;. &#x42D;.</subfield>
    <subfield code="4">070</subfield>
  </datafield>
  <datafield tag="852" ind1=" " ind2=" ">
    <subfield code="a">NLR</subfield>
    <subfield code="b">&#x41E;&#x41D;&#x41B;</subfield>
    <subfield code="j">&#x410;&#x437;&#x435;&#x440;&#x431;./2-5722</subfield>
  </datafield>
  <datafield tag="942" ind1=" " ind2=" ">
    <subfield code="c">BOOK</subfield>
  </datafield>
  <datafield tag="980" ind1=" " ind2=" ">
    <subfield code="a">NB</subfield>
  </datafield>
  <datafield tag="995" ind1=" " ind2=" ">
    <subfield code="5">2022-03-18</subfield>
    <subfield code="b">NLR01</subfield>
    <subfield code="c">NLR01</subfield>
    <subfield code="e">ONL01</subfield>
    <subfield code="f">1-2991322</subfield>
    <subfield code="k">&#x41E;&#x41D;&#x41B; &#x410;&#x437;&#x435;&#x440;&#x431;./2-5722</subfield>
    <subfield code="o">0</subfield>
    <subfield code="r">BOOK</subfield>
    <subfield code="s">_25722</subfield>
  </datafield>
</record>
